• 首页
  • 本馆介绍
  • 公告通知
  • 最新文献
  • 馆藏检索
  • 电子资源
  • 读者导购
  • 参考咨询
  • 我的图书馆
  • 登录
  • 详细信息显示
  • 放入我的书架
  • 预约/预借图书
  • 作者相关作品
  • 分类相关作品
  • 丛书相关作品
  • 出版社相关作品

书目信息

  • 表格格式
  • 工作单格式
  • 卡片格式
题名:
巴尔扎克与《人间喜剧》
    
 
作者: 黄晋凯 著
分册:  
出版信息: 沈阳   辽宁大学出版社  2001
页数: 135页
开本: 19cm
丛书名: 插图本外国文学知识丛书
单 册:
中图分类: I565.074
科图分类:
主题词: 小说--文学研究
电子资源:
ISBN: 7-5610-4098-9
000 00864nam0 2200253 45
001 0310261800
005 20031219104120.8
010    @a7-5610-4098-9@dCNY8.00
100    @a20031026d2001 km y0chiy0120 ea
101 0  @achi
105    @a z 000yy
200 1  @a巴尔扎克与《人间喜剧》@ABa Er Zha Ke Yu《Ren Jian Xi Ju》@e插图本@ECha Tu Ben@f黄晋凯著@FHuang Jin Kai Zhu
210    @a沈阳@c辽宁大学出版社@d2001
215    @a135页@c插图@d19cm
225    @a插图本外国文学知识丛书@f李文禄,张朝柯主编
410    @12001 @a插图本外国文学知识丛书
410    @1700 0@a张朝柯@AZhang Chao Ke@4主编@a李文禄@ALi Wen Lu@4主编
517    @a插图本@ACha Tu Ben
600  0 @a巴尔扎克@bH.D.@f(1799~1850)@x生平事迹
606 0  @a小说@x文学研究
690    @aI565.074@v4
701    @a黄晋凯@4著
801    @aCN@bTSTC@c20031026
905    @b327284-285@a213230@dI565.074@e327@f2
    
    巴尔扎克与《人间喜剧》:插图本/黄晋凯著.-沈阳:辽宁大学出版社,2001
    135页:插图;19cm.-(插图本外国文学知识丛书/李文禄,张朝柯主编)
    
    
    ISBN 7-5610-4098-9:CNY8.00
    
●
相关链接 在E读中查询图书 在五车中查询图书 在当当中查询图书 在豆瓣中查询图书


正题名:巴尔扎克与《人间喜剧》     索取号:I565.074/327         预约/预借

序号 登录号 条形码 馆藏地/架位号 状态 备注
1 0327284   203272840   第二借阅区/ [索取号:I565.074/327] 在馆    
2 0327285   203272859   第一样本阅览室/ [索取号:I565.074/327] 在馆    
唐山师范学院图书馆 欢迎您!
大连网信软件有限公司© 版权所有